[Event "Catalunya-ch"]
[Site "Barcelona"]
[Date "2021.08.25"]
[Round "8"]
[White "Garriga Cazorla, Pere"]
[Black "Farran Martos, Francesco Xavier"]
[Result "1-0"]
[WhiteElo "2478"]
[BlackElo "2424"]
[PlyCount "103"]
[EventDate "2021.08.18"]
[EventType "tourn"]
[EventRounds "9"]
[EventCountry "ESP"]
[EventCategory "9"]
[SourceTitle "CBM 204 Extra"]
[Source "ChessBase"]
[SourceDate "2021.11.30"]
[SourceVersion "1"]
[SourceVersionDate "2021.11.30"]
[SourceQuality "1"]

1. d4 Nf6 2. c4 e6 3. Nf3 d5 4. g3 Be7 5. Bg2 0-0 6. 0-0 dxc4 7. Qc2 a6 8. a4 Bd7 9. Qxc4 Bc6 10. Bg5 Nbd7 11. Nbd2 h6 12. Bxf6 Nxf6 13. Rfc1 Rc8 14. e3 Ne4 15. Nxe4 Bxe4 16. b4 Qd5 17. Qxd5 exd5 18. b5 axb5 19. axb5 Ra8 20. Ne5 Bxg2 21. Kxg2 Bd6 22. Nd3 b6 23. Kf3 g5 24. Kg4 f5+ 25. Kh5 Kg7 26. f4 Kf6 27. Ne5 Rg8 28. Rg1 g4 29. Rh1 Ra5 30. Rxa5 bxa5 31. Ra1 Ra8 32. Nd7+ Ke6 33. Nc5+ Kf6 34. Ra4 Re8 35. Ra3 Kg7 36. Rc3 Rb8 37. Ne6+ Kf7 38. Nxc7 a4 39. Rc6 Bf8 40. Ra6 a3 41. b6 Bd6 42. Nb5 Bb4 43. Nxa3 Bxa3 44. Rxa3 Rxb6 45. Ra7+ Kg8 46. Rd7 Rb2 47. Kg6 Kf8 48. Kxf5 h5 49. Rxd5 Rxh2 50. Kf6 Ke8 51. e4 Rh3 52. Rg5 1-0

[Event "Catalunya-ch"]
[Site "Barcelona"]
[Date "2021.08.20"]
[Round "3"]
[White "Garcia Ramos, Daniel"]
[Black "Farran Martos, Francesco Xavier"]
[Result "1/2-1/2"]
[WhiteElo "2412"]
[BlackElo "2424"]
[PlyCount "60"]
[EventDate "2021.08.18"]
[EventType "tourn"]
[EventRounds "9"]
[EventCountry "ESP"]
[EventCategory "9"]
[SourceTitle "CBM 204 Extra"]
[Source "ChessBase"]
[SourceDate "2021.11.30"]
[SourceVersion "1"]
[SourceVersionDate "2021.11.30"]
[SourceQuality "1"]

1. e4 c5 2. Nf3 e6 3. d4 cxd4 4. Nxd4 Nc6 5. Nc3 Qc7 6. Be3 a6 7. a3 b5 8. Nxc6 dxc6 9. Be2 e5 10. 0-0 Be6 11. a4 b4 12. Nb1 Nf6 13. Nd2 Be7 14. f3 Nd7 15. Bc4 Bc5 16. Qe2 Qa7 17. Rfe1 Bxe3+ 18. Qxe3 Qxe3+ 19. Rxe3 Nc5 20. Nb3 Nxb3 21. Bxb3 Ke7 22. Bxe6 fxe6 23. Rd3 Rhd8 24. Rad1 Rxd3 25. Rxd3 c5 26. Kf2 c4 27. Rd1 Rc8 28. Ke3 Rc5 29. g3 Ra5 30. Ra1 g5 1/2-1/2

[Event "Torredembarra op 21st"]
[Site "Torredembarra"]
[Date "2019.07.14"]
[Round "9"]
[White "Farran Martos, Francesco Xavier"]
[Black "Iagar, Razvan Gabriel"]
[Result "1-0"]
[WhiteElo "2432"]
[BlackElo "2138"]
[PlyCount "37"]
[EventDate "2019.07.06"]
[EventType "swiss"]
[EventRounds "9"]
[EventCountry "ESP"]
[SourceTitle "CBM 191 Extra"]
[Source "ChessBase"]
[SourceDate "2019.09.30"]
[SourceVersion "1"]
[SourceVersionDate "2019.09.30"]
[SourceQuality "1"]

1. e4 e6 2. d4 d5 3. Nc3 Nf6 4. Bg5 Be7 5. e5 Nfd7 6. h4 0-0 7. Qg4 f5 8. Bxe7 Qxe7 9. Qg5 Qf7 10. Nge2 a6 11. Nf4 c5 12. 0-0-0 cxd4 13. Ncxd5 Nxe5 14. Ne7+ Kh8 15. h5 Qf6 16. Qxf6 gxf6 17. Nfg6+ Nxg6 18. hxg6 Kg7 19. Rxh7# 1-0

[Event "Torredembarra op 20th"]
[Site "Torredembarra"]
[Date "2018.07.02"]
[Round "3"]
[White "Farran Martos, Francesco Xavier"]
[Black "Borrellas Comellas, Josep"]
[Result "1-0"]
[WhiteElo "2418"]
[BlackElo "2080"]
[PlyCount "53"]
[EventDate "2018.06.30"]
[EventType "swiss"]
[EventRounds "9"]
[EventCountry "ESP"]
[SourceTitle "CBM 185 Extra"]
[Source "ChessBase"]
[SourceDate "2018.07.29"]
[SourceVersion "1"]
[SourceVersionDate "2018.07.29"]
[SourceQuality "1"]

1. e4 e5 2. Nc3 Nf6 3. f4 d6 4. Nf3 Nc6 5. Bb5 Bd7 6. d3 Nd4 7. Nxd4 exd4 8. Bxd7+ Qxd7 9. Ne2 c5 10. 0-0 Be7 11. Ng3 0-0 12. Bd2 g6 13. Qe2 Qg4 14. Rf3 Nh5 15. Nxh5 Qxh5 16. Raf1 Qg4 17. f5 Bg5 18. f6 Qh5 19. Bxg5 Qxg5 20. Rg3 Qh6 21. Qg4 Rfe8 22. Rh3 Qd2 23. Qd7 h5 24. Qxd6 Kh7 25. Qd5 Kg8 26. Rg3 Rf8 27. Rxg6+ 1-0

[Event "Catalunya-ch"]
[Site "Vila Seca"]
[Date "2018.03.23"]
[Round "1.2"]
[White "Fluvia Poyatos, Jordi"]
[Black "Farran Martos, Francesco Xavier"]
[Result "1/2-1/2"]
[WhiteElo "2430"]
[BlackElo "2422"]
[PlyCount "46"]
[EventDate "2018.03.22"]
[EventType "k.o."]
[EventRounds "4"]
[EventCountry "ESP"]
[SourceTitle "CBM 183 Extra"]
[Source "ChessBase"]
[SourceDate "2018.04.19"]
[SourceVersion "1"]
[SourceVersionDate "2018.04.19"]
[SourceQuality "1"]

1. e4 c5 2. Nc3 e6 3. Nf3 a6 4. d4 cxd4 5. Nxd4 Qc7 6. Qf3 Nc6 7. Be3 Nf6 8. 0-0-0 Be7 9. Be2 b5 10. e5 Bb7 11. Nxc6 Bxc6 12. Qg3 Ne4 13. Qxg7 0-0-0 14. Nxe4 Bxe4 15. Bd3 Bd5 16. Bxh7 Bxa2 17. Be4 Bc4 18. Qxf7 Bb4 19. c3 Rdf8 20. Qg7 Rhg8 21. Qh7 Rh8 22. Qg7 Rhg8 23. Qh7 Rh8 1/2-1/2

[Event "Andorra op 35th"]
[Site "Escaldes"]
[Date "2017.07.28"]
[Round "7"]
[White "Steinberg, Nitzan"]
[Black "Farran Martos, Francesco Xavier"]
[Result "1/2-1/2"]
[WhiteElo "2543"]
[BlackElo "2412"]
[PlyCount "41"]
[EventDate "2017.07.22"]
[EventType "swiss"]
[EventRounds "9"]
[EventCountry "AND"]
[SourceTitle "CBM 179 Extra"]
[Source "ChessBase"]
[SourceDate "2017.08.23"]
[SourceVersion "1"]
[SourceVersionDate "2017.08.23"]
[SourceQuality "1"]

1. e4 c5 2. Nf3 e6 3. d4 cxd4 4. Nxd4 Nc6 5. Nc3 a6 6. Be3 Nf6 7. Be2 Qc7 8. 0-0 b5 9. Nxc6 dxc6 10. f4 Bb7 11. e5 Rd8 12. Qe1 Nd7 13. Qf2 Be7 14. a4 b4 15. Nb1 c5 16. c3 0-0 17. Rc1 Qb8 18. Nd2 f6 19. exf6 Nxf6 20. cxb4 cxb4 21. Bc4 1/2-1/2

[Event "Andorra op 35th"]
[Site "Escaldes"]
[Date "2017.07.25"]
[Round "4"]
[White "Farran Martos, Francesco Xavier"]
[Black "Attard, Leopold"]
[Result "1/2-1/2"]
[WhiteElo "2412"]
[BlackElo "2109"]
[PlyCount "112"]
[EventDate "2017.07.22"]
[EventType "swiss"]
[EventRounds "9"]
[EventCountry "AND"]
[SourceTitle "CBM 179 Extra"]
[Source "ChessBase"]
[SourceDate "2017.08.23"]
[SourceVersion "1"]
[SourceVersionDate "2017.08.23"]
[SourceQuality "1"]

1. e4 c5 2. Nf3 a6 3. d4 cxd4 4. Nxd4 Nf6 5. Nc3 e5 6. Nde2 Bc5 7. Be3 Bxe3 8. fxe3 Qb6 9. Qd2 Qxb2 10. Rb1 Qa3 11. Ng3 0-0 12. Be2 Nc6 13. 0-0 Ne7 14. Rb6 Qc5 15. Rbxf6 gxf6 16. Nh5 d6 17. Bd3 Kh8 18. Nxf6 Be6 19. Qf2 Rg8 20. Nxg8 Kxg8 21. Ne2 d5 22. Qg3+ Ng6 23. exd5 Bxd5 24. Bxg6 hxg6 25. Qxe5 Rc8 26. Nc1 Qc6 27. Rf2 Re8 28. Qd4 Re4 29. Qd2 Qe6 30. Rf3 Rg4 31. Rf2 Re4 32. a3 Rxe3 33. Re2 Rxe2 34. Nxe2 Be4 35. Nc3 Qb6+ 36. Kf1 Qf6+ 37. Ke1 Bc6 38. Kd1 Qf1+ 39. Qe1 Qxe1+ 40. Kxe1 Bxg2 41. Kf2 Bc6 42. Ke3 Kf8 43. h4 Kg7 44. Ne2 Kh6 45. Ng3 g5 46. hxg5+ Kxg5 47. Ne2 Kf5 48. Nf4 Ke5 49. c4 b5 50. cxb5 axb5 51. Ne2 f5 52. Nf4 Be4 53. Ng6+ Kd5 54. Ne7+ Kd6 55. Ng6 Kd5 56. Ne7+ Kd6 1/2-1/2

[Event "CAT-ch"]
[Site "Vilanova i la Geltru"]
[Date "2017.04.29"]
[Round "1"]
[White "Farran Martos, Francesco Xavier"]
[Black "Jerez Perez, Alfonso"]
[Result "0-1"]
[WhiteElo "2427"]
[BlackElo "2408"]
[PlyCount "112"]
[EventDate "2017.04.29"]
[EventType "k.o."]
[EventRounds "4"]
[EventCountry "ESP"]
[SourceTitle "CBM 178 Extra"]
[Source "ChessBase"]
[SourceDate "2017.06.22"]
[SourceVersion "1"]
[SourceVersionDate "2017.06.22"]
[SourceQuality "1"]

1. e4 c5 2. Nf3 d6 3. d4 Nf6 4. Nc3 cxd4 5. Nxd4 Nc6 6. Be3 Ng4 7. Bb5 Nxe3 8. fxe3 Bd7 9. 0-0 e6 10. Bxc6 bxc6 11. e5 d5 12. Qf3 f5 13. exf6 Qxf6 14. Qg3 Qg6 15. Qc7 Rc8 16. Qxa7 Bd6 17. e4 Qh6 18. Nf3 Rf8 19. e5 Be7 20. a4 Rf4 21. Kh1 Rb4 22. b3 g5 23. Rad1 g4 24. Nd2 Qg6 25. Nc4 Rxc4 26. bxc4 Qxc2 27. Qe3 Qg6 28. a5 Ra8 29. Ra1 Qg5 30. Qd3 Qxe5 31. Qxh7 Kd8 32. cxd5 cxd5 33. Qg8+ Be8 34. Nb5 Ra6 35. Rfd1 Qg5 36. Qxg5 Bxg5 37. Nd4 Bd7 38. Nb3 Be7 39. Kg1 Bb5 40. Rac1 Ba4 41. Rd3 Bxb3 42. Rxb3 Rxa5 43. Rb7 Bc5+ 44. Kf1 d4 45. h4 gxh3 46. gxh3 d3 47. Rd1 Ra3 48. h4 Be3 49. h5 d2 50. Ke2 Ke8 51. Rh1 Bh6 52. Rh7 Re3+ 53. Kf2 Bg5 54. Rg7 Re1 55. Rg8+ Kf7 56. Rxg5 Rxh1 0-1

[Event "Torredembarra op 18th"]
[Site "Torredembarra"]
[Date "2016.07.10"]
[Round "9"]
[White "Farran Martos, Francesco Xavier"]
[Black "Regue Farran, Enric"]
[Result "1-0"]
[WhiteElo "2431"]
[BlackElo "2011"]
[PlyCount "75"]
[EventDate "2016.07.02"]
[EventType "swiss"]
[EventRounds "9"]
[EventCountry "ESP"]
[SourceTitle "CBM 173 Extra"]
[Source "ChessBase"]
[SourceDate "2016.08.29"]
[SourceVersion "1"]
[SourceVersionDate "2016.08.29"]
[SourceQuality "1"]

1. e4 c5 2. Nf3 e6 3. d4 cxd4 4. Nxd4 Nc6 5. Nc3 Qc7 6. Be3 Nf6 7. Qd2 a6 8. f3 d5 9. exd5 exd5 10. 0-0-0 Bd6 11. g4 Be6 12. Kb1 0-0 13. h4 Rfd8 14. Qf2 Re8 15. Bd3 Bf4 16. Bxf4 Qxf4 17. Nce2 Qc7 18. h5 Ne5 19. Bf5 Nc4 20. Ng3 Qb6 21. c3 Bxf5+ 22. Ngxf5 Re5 23. Rhe1 Rae8 24. Rxe5 Rxe5 25. Qh2 h6 26. Ka1 Re8 27. Qf2 Nh7 28. b3 Na5 29. Nxg7 Nxb3+ 30. axb3 Qa5+ 31. Kb2 Kxg7 32. Nf5+ Kf8 33. Rd2 Nf6 34. Nxh6 d4 35. Qxd4 Qg5 36. Qd6+ Kg7 37. Nf5+ Kg8 38. f4 1-0

[Event "Torredembarra op 18th"]
[Site "Torredembarra"]
[Date "2016.07.09"]
[Round "8"]
[White "Gonzalez Rodriguez, Jorge Armando"]
[Black "Farran Martos, Francesco Xavier"]
[Result "1-0"]
[WhiteElo "2310"]
[BlackElo "2431"]
[PlyCount "95"]
[EventDate "2016.07.02"]
[EventType "swiss"]
[EventRounds "9"]
[EventCountry "ESP"]
[SourceTitle "CBM 173 Extra"]
[Source "ChessBase"]
[SourceDate "2016.08.29"]
[SourceVersion "1"]
[SourceVersionDate "2016.08.29"]
[SourceQuality "1"]

1. b3 e5 2. Bb2 Nc6 3. e3 d5 4. Bb5 Bd6 5. Nf3 Qe7 6. d4 e4 7. Ne5 Qg5 8. Kf1 Nge7 9. Nxc6 bxc6 10. Be2 Ng6 11. Ba3 Nh4 12. g3 Bh3+ 13. Ke1 Ng2+ 14. Kd2 c5 15. c3 cxd4 16. Bb5+ Kd8 17. cxd4 c5 18. dxc5 d4 19. Nc3 Nxe3 20. Nxe4 Qd5 21. Qb1 Bf5 22. Bd3 Be5 23. Re1 Ng4 24. h3 Nh2 25. Ng5 Bf6 26. Bxf5 Bxg5+ 27. Kd1 Qf3+ 28. Re2 Qh1+ 29. Kc2 Qf3 30. Bd3 Rc8 31. Qh1 Qxh1 32. Rxh1 Nf3 33. Rd1 Bf6 34. h4 Kc7 35. Bc1 Rce8 36. Bf4+ Kd8 37. Be4 d3+ 38. Rxd3+ Nd4+ 39. Kc3 Kc8 40. Rxd4 Rd8 41. Bd6 Bxd4+ 42. Kxd4 Rhe8 43. Kd5 g6 44. Re3 f5 45. Bd3 Rxe3 46. fxe3 Kb7 47. Bb5 a6 48. Bd7 1-0

[Event "Torredembarra op 18th"]
[Site "Torredembarra"]
[Date "2016.07.05"]
[Round "4"]
[White "Simon Padros, Emili"]
[Black "Farran Martos, Francesco Xavier"]
[Result "0-1"]
[WhiteElo "2194"]
[BlackElo "2431"]
[PlyCount "50"]
[EventDate "2016.07.02"]
[EventType "swiss"]
[EventRounds "9"]
[EventCountry "ESP"]
[SourceTitle "CBM 173 Extra"]
[Source "ChessBase"]
[SourceDate "2016.08.29"]
[SourceVersion "1"]
[SourceVersionDate "2016.08.29"]
[SourceQuality "1"]

1. e4 c5 2. Nc3 e6 3. Nf3 Nc6 4. d4 cxd4 5. Nxd4 Qc7 6. g3 a6 7. Bg2 d6 8. 0-0 Bd7 9. Nb3 Nf6 10. a4 Be7 11. a5 Ne5 12. Nd2 h5 13. h3 g5 14. Nf3 Nxf3+ 15. Qxf3 g4 16. hxg4 hxg4 17. Qe3 Rh5 18. Bd2 Bc6 19. Na4 d5 20. Nb6 Rd8 21. exd5 Nxd5 22. Nxd5 Bxd5 23. Bxd5 Rdxd5 24. Qf4 Qc6 25. f3 Bg5 0-1

[Event "Catalunya-ch"]
[Site "Mollet del Valles"]
[Date "2016.04.30"]
[Round "1.1"]
[White "Farran Martos, Francesco Xavier"]
[Black "Fluvia Poyatos, Jordi"]
[Result "1-0"]
[WhiteElo "2395"]
[BlackElo "2474"]
[PlyCount "45"]
[EventDate "2016.04.30"]
[EventType "k.o."]
[EventRounds "4"]
[EventCountry "ESP"]
[SourceTitle "CBM 172 Extra"]
[Source "ChessBase"]
[SourceDate "2016.06.21"]
[SourceVersion "1"]
[SourceVersionDate "2016.06.21"]
[SourceQuality "1"]

1. e4 e6 2. d4 d5 3. Nc3 Nf6 4. e5 Nfd7 5. f4 c5 6. Nf3 Nc6 7. Be3 Be7 8. Qd2 0-0 9. Be2 b6 10. 0-0 f5 11. Kh1 Bb7 12. Rg1 Rc8 13. g4 cxd4 14. Nxd4 Nxd4 15. Bxd4 Nc5 16. Qe3 Ne4 17. gxf5 exf5 18. Nxe4 dxe4 19. Rad1 Qc7 20. e6 g5 21. Be5 Qc5 22. Rd7 Rfd8 23. Qxc5 1-0

[Event "Torredembarra op 17th"]
[Site "Torredembarra"]
[Date "2015.07.08"]
[Round "5"]
[White "Farran Martos, Francesco Xavier"]
[Black "Gonzalez Rodriguez, Jorge Armando"]
[Result "1-0"]
[WhiteElo "2339"]
[BlackElo "2369"]
[PlyCount "24"]
[EventDate "2015.07.04"]
[EventType "swiss"]
[EventRounds "9"]
[EventCountry "ESP"]
[SourceTitle "CBM 167 Extra"]
[Source "ChessBase"]
[SourceDate "2015.09.14"]
[SourceVersion "1"]
[SourceVersionDate "2015.09.14"]
[SourceQuality "1"]

1. e4 e6 2. d4 d5 3. Nd2 c5 4. Ngf3 Nf6 5. exd5 Qxd5 6. Bc4 Qd8 7. 0-0 cxd4 8. Nb3 Nc6 9. Nbxd4 Nxd4 10. Nxd4 a6 11. Re1 Qc7 12. Qe2 Bd6 1-0

[Event "Torredembarra op 17th"]
[Site "Torredembarra"]
[Date "2015.07.05"]
[Round "2"]
[White "Argerich Farras, Jose"]
[Black "Farran Martos, Francesco Xavier"]
[Result "0-1"]
[WhiteElo "2088"]
[BlackElo "2339"]
[PlyCount "46"]
[EventDate "2015.07.04"]
[EventType "swiss"]
[EventRounds "9"]
[EventCountry "ESP"]
[SourceTitle "CBM 167 Extra"]
[Source "ChessBase"]
[SourceDate "2015.09.14"]
[SourceVersion "1"]
[SourceVersionDate "2015.09.14"]
[SourceQuality "1"]

1. Nf3 c5 2. g3 d5 3. Bg2 Nf6 4. 0-0 Nc6 5. d4 e6 6. c4 Be7 7. Nc3 0-0 8. cxd5 exd5 9. dxc5 Bxc5 10. Bg5 d4 11. Bxf6 Qxf6 12. Ne4 Qe7 13. Nxc5 Qxc5 14. Rc1 Qb6 15. Qd2 Bg4 16. Rfd1 Rad8 17. h3 Be6 18. b3 Qa6 19. Ng5 Bf5 20. Rc5 Bg6 21. Bxc6 bxc6 22. e3 h6 23. exd4 hxg5 0-1

[Event "Torredembarra op 17th"]
[Site "Torredembarra"]
[Date "2015.07.04"]
[Round "1"]
[White "Farran Martos, Francesco Xavier"]
[Black "Garcia Espelta, Josep"]
[Result "1-0"]
[WhiteElo "2339"]
[BlackElo "1892"]
[PlyCount "70"]
[EventDate "2015.07.04"]
[EventType "swiss"]
[EventRounds "9"]
[EventCountry "ESP"]
[SourceTitle "CBM 167 Extra"]
[Source "ChessBase"]
[SourceDate "2015.09.14"]
[SourceVersion "1"]
[SourceVersionDate "2015.09.14"]
[SourceQuality "1"]

1. e4 c5 2. Nf3 Nc6 3. Nc3 Nf6 4. d4 cxd4 5. Nxd4 e5 6. Ndb5 d6 7. Bg5 a6 8. Bxf6 gxf6 9. Na3 b5 10. Nd5 Bg7 11. Bd3 Ne7 12. c4 Nxd5 13. cxd5 f5 14. exf5 e4 15. Qe2 Qe7 16. Bxe4 Bxb2 17. Qxb2 Qxe4+ 18. Kf1 0-0 19. Nc2 Qxd5 20. Ne3 Qd3+ 21. Kg1 Bxf5 22. Rd1 Qe4 23. Nd5 f6 24. Nxf6+ Rxf6 25. Qxf6 d5 26. h3 Rc8 27. Rd4 Qe6 28. Qg5+ Kh8 29. Kh2 Rc4 30. Qd8+ Kg7 31. Rxd5 Rc2 32. Qg5+ Bg6 33. Re1 Qxe1 34. Rd7+ Kg8 35. Qf6 Qc3 1-0

[Event "Torredembarra op 16th"]
[Site "Torredembarra"]
[Date "2014.07.11"]
[Round "7"]
[White "Guix Torres, David"]
[Black "Farran Martos, Francesco Xavier"]
[Result "0-1"]
[WhiteElo "2045"]
[BlackElo "2314"]
[PlyCount "104"]
[EventDate "2014.07.05"]
[EventType "swiss"]
[EventRounds "9"]
[EventCountry "ESP"]
[SourceTitle "CBM 161 Extra"]
[Source "ChessBase"]
[SourceDate "2014.08.29"]
[SourceVersion "1"]
[SourceVersionDate "2014.08.29"]
[SourceQuality "1"]

1. e4 c5 2. Nf3 e6 3. d4 cxd4 4. Nxd4 Nc6 5. Nc3 Qc7 6. g3 Nf6 7. Bg2 a6 8. 0-0 Be7 9. Re1 0-0 10. Kh1 Nxd4 11. Qxd4 Bc5 12. Qd1 Bxf2 13. Rf1 Bc5 14. Rxf6 gxf6 15. Bh6 Kh8 16. Qh5 Rg8 17. Qxf7 Qd8 18. Rf1 Rg6 19. Bd2 Qe7 20. Qxe7 Bxe7 21. Ne2 a5 22. a4 Ra6 23. Nf4 Rg8 24. Rf2 Bc5 25. Rf3 Bd4 26. Bf1 Rd6 27. Rd3 b6 28. Bc3 e5 29. Bxd4 Rxd4 30. Rxd4 exd4 31. Kg1 Bb7 32. Bd3 Re8 33. Nh5 Bxe4 34. Nxf6 Bxd3 35. Nxe8 Bxc2 36. Kf2 Bxa4 37. Nd6 Bb3 38. Ke2 Kg7 39. Kd3 Kf6 40. Kxd4 Kg5 41. Nc8 b5 42. Nd6 b4 43. Ne4+ Kf5 44. Nf2 a4 45. Nd3 a3 46. bxa3 bxa3 47. Kc3 Be6 48. Nf2 a2 49. Kb2 Bc4 50. h4 d5 51. Nh3 Kg4 52. Ng5 h5 0-1

[Event "Torredembarra op 14th"]
[Site "Torredembarra"]
[Date "2012.06.30"]
[Round "1"]
[White "Navas Joyanes, Juan de Dios"]
[Black "Farran Martos, Francesco Xavier"]
[Result "1/2-1/2"]
[WhiteElo "1774"]
[BlackElo "2321"]
[PlyCount "62"]
[EventDate "2012.06.30"]
[EventType "swiss"]
[EventRounds "9"]
[EventCountry "ESP"]
[SourceTitle "EXT 2013"]
[Source "ChessBase"]
[SourceDate "2012.11.22"]
[SourceVersion "1"]
[SourceVersionDate "2012.11.22"]
[SourceQuality "1"]

1. c4 e5 2. Nc3 Nc6 3. g3 f5 4. Bg2 Nf6 5. d3 Bc5 6. Nf3 e4 7. dxe4 fxe4 8. Ng5 e3 9. Bxe3 Bxe3 10. fxe3 Qe7 11. Qd2 Ne5 12. b3 Neg4 13. 0-0 Qxe3+ 14. Qxe3+ Nxe3 15. Rf3 Nxg2 16. Kxg2 0-0 17. Raf1 b6 18. Nge4 Bb7 19. Nxf6+ Rxf6 20. e4 Rxf3 21. Rxf3 Re8 22. Rf4 Re5 23. Kf2 g5 24. Rf5 Rxf5+ 25. exf5 h5 26. h3 Kf7 27. g4 hxg4 28. hxg4 a6 29. Ke3 Ke7 30. Ne4 Bxe4 31. Kxe4 a5 1/2-1/2